| 000 | 01153pam a2200361 a 4500 | ||
|---|---|---|---|
| 001 | 4330667 | ||
| 003 | OSt | ||
| 005 | 20140310184430.0 | ||
| 008 | 881018s1989 nyua j 000 1 eng | ||
| 010 | _a 88039533 | ||
| 020 | _a0590463187 | ||
| 040 |
_aDLC _cDLC _dDLC |
||
| 042 | _alcac | ||
| 043 | _an------ | ||
| 050 | 0 | 0 |
_aPZ 7 _b.D28586Se 1989 |
| 100 | 1 |
_aDavis, Deborah, _d1957- _927004 |
|
| 245 | 1 | 4 |
_aThe secret of the seal / _cDeborah Davis ; illustrations by Judy Labrasca. |
| 250 | _a1st ed. | ||
| 260 |
_aNew York : _bScholastics _c1989. |
||
| 300 |
_a57 p. : _bill. ; _c22 cm. |
||
| 520 | _aTen-year-old Kyo, an Eskimo boy, faces a difficult moral choice between friendship for a seal and loyalty to his family. | ||
| 521 | _aG5 | ||
| 526 | _c720 | ||
| 562 | _eFor circulation. 2 copy available in the collection | ||
| 650 | 0 |
_aEskimos _xJuvenile fiction. _927005 |
|
| 650 | 1 |
_aEskimos _xFiction. _927006 |
|
| 650 | 1 |
_aSeals (Animals) _xFiction. _927007 |
|
| 700 | 1 |
_aLabrasca, Judy, _eill _927008 |
|
| 906 |
_a7 _brip _corignew _d1 _eocip _f19 _gy-gencatlg |
||
| 942 |
_2lcc _cBK-SCHOLAS |
||
| 999 |
_c34333 _d34333 |
||